=LDR 00000nam 2200000 4500 =001 INLIS000000000019868 =005 20130612114901 =008 ***********************************Ind** =035 ##$$0010-061300000019868 =041 ##$$a Ind =082 ##$$a 828.83 =090 ##$$a 828.83, Beadle, Muriel =100 ##$$a Beadle, Muriel =245 ##$$a These ruins arie in habited, Muriel Beadle =260 ##$$a 1963 $b London =300 ##$$a 205 hlm, 21 cm =650 ##$$a Kesusastraan Inggris-Penulisan =850 ##$$a NBPNMAT